| 000 | 00762nam a2200229Ia 4500 | ||
|---|---|---|---|
| 001 | 2525 | ||
| 003 | GE_BSU | ||
| 008 | 181216s||||||||xx |||||||||||||| ||und|| | ||
| 020 | _a9789941412103 | ||
| 040 | _cGE_BSU | ||
| 080 | _a94(479.223) | ||
| 100 | _aშალიკავა, მარიამ. | ||
| 245 | _aჭვანის ხეობა.(ისტორიულ–ეთნოლგიური გამოკვლევა | ||
| 245 | _c[რედ თამაზ ფუტკარაე] | ||
| 260 | _aბათუმი | ||
| 260 | _bშოთა რუსთაველის სახ უნ–ტი | ||
| 260 | _c2009 | ||
| 300 | _a267 გვ. | ||
| 541 | _h12 ლ. | ||
| 653 | _aჭვანის ხეობა. | ||
| 942 | _cBK | ||
| 999 |
_c36605 _d36605 |
||